00821nam a22002177a 4500999001700000003000900017008004100026040007100067082001500138100002000153245004500173260004100218300003600259505010100295650002300396650003400419650001800453942001600471945002100487952009500508 c16067d16067AR-CdUCM190502b ||||| |||| 00| 0 spa d aMUNICIPALIDAD PROVINCIAL DEL CUSCOcBIBLIOTECA MUNICIPAL DEL CUSCO a980 /bB36 aBeals, Carleton aLa próxima lucha por Latinoamérica / aSantiago de Chile :bZig-Zag,c1942. a466 páginas ;bMapas,c18 cm. aContenido: EL mikado mira al sur -- La svastica sobre los Andes -- Los camisas negras avanzan... aImperialismo93454 aLa conferencia de Lima935340 aLucha 929916 2ddccLIBROS adavvd02/05/2019 002ddc4070aSHbSHcCARTd2019-05-02g50.00o980 / B36pSH0000011322r2019-05-02yLIBROS